000 00477nam a2200157Ia 4500
003 SGT
020 _a9789350140161
082 _a4.678
_bPAN
100 _aPandey,Adesh K
245 _aInternet fundamentals
260 _bS.K. Kataria & SONS
_aN.Delhi
_c2010
300 _a289p.
650 _aCOMPUTER SCIENCE
653 _aELECTRONIC MAIL,INTRODUCTION TO NETWORK AND INTERNET,WORKING OF INTERNET,WORLD WIDE WEB,HTML AND XML,WEB SITE DESIGNING,JAVA SCRIPT
942 _2ddc
_cBK
_01
999 _c4925
_d4925